Bonsai / (Record no. 40970)

MARC details
000 -LEADER
fixed length control field 00721nam a22002057a 4500
005 - DATE AND TIME OF LATEST TRANSACTION
control field 20100811133755.0
010 ## - LCCN (DPL NO)
LC control number ENG-99615
020 ## - INTERNATIONAL STANDARD BOOK NUMBER
Terms of availability 50.00
035 ## - SYSTEM CONTROL NUMBER
System control number EN-83147
037 ## - SOURCE OF ACQUISITION
Source of stock number/acquisition DBAD/PUB
082 ## - DEWEY DECIMAL CLASSIFICATION NUMBER
Classification number 635.9772
100 ## - MAIN ENTRY--PERSONAL NAME
Personal name Elango, T. Urumandaraja
245 ## - TITLE STATEMENT
Title Bonsai /
Statement of responsibility, etc by T. Urumandaraja Elango
260 ## - PUBLICATION, DISTRIBUTION, ETC. (IMPRINT)
Place of publication, distribution, etc Coimbatore
Name of publisher, distributor, etc Annamalaiyar Educational Publication
Date of publication, distribution, etc 2007
270 ## - ADDRESS
Address 8/305, Thulasinga Nagar, Valparai Post
City Coimbatore
Postal code 642127
300 ## - PHYSICAL DESCRIPTION
Extent 64p.
Dimensions 20cm (pbk)
650 ## - SUBJECT ADDED ENTRY--TOPICAL TERM
Topical term or geographic name as entry element Bonssai
942 ## - ADDED ENTRY ELEMENTS (KOHA)
Source of classification or shelving scheme Dewey Decimal Classification
Item type English Books
Classification part 635.9772
Call number suffix ELA
Holdings
Withdrawn status Lost status Not for loan Collection code Home library Current library Date acquired Source of acquisition Cost, normal purchase price Full call number Barcode Copy number Cost, replacement price Koha item type
    Not For Loan Non-fiction D.B.Act.Division D.B.Act.Division 11/08/2010 DBAD/PUB 50.00 635.9772 ELA EN-83147 1 50.00 English Books

© Delhi Public Library
Hit Counter
free hit counter